Sistema Nacional de Formación de Personal Docente, Técnico y Administrativo del Sector Educativo titulo a otorgar Profesorado en Educación Inicial". (Aprobado por el Consejo Nacional de Educación, en sus sesión de fecha 18 de diciembre de 1997). mediante la ordenanza 5'97 (Record no. 9197)
[ view plain ]
| 000 -LEADER | |
|---|---|
| campo de control de longitud fija | 00653nam a2200145Ia 4500 |
| 001 - NÚMERO DE CONTROL | |
| campo de control | 1379 |
| 008 - DATOS DE LONGITUD FIJA--INFORMACIÓN GENERAL | |
| campo de control de longitud fija | 241024s9999 xx 000 0 und d |
| 082 ## - NÚMERO DE LA CLASIFICACIÓN DECIMAL DEWEY | |
| Número de clasificación | RD/370.71/R426s/1998 |
| 100 ## - ENTRADA PRINCIPAL--NOMBRE DE PERSONA | |
| Nombre de persona | República Dominicana.Secretaría de Estado de Educación y Cultura |
| 245 #0 - MENCIÓN DEL TÍTULO | |
| Título | Sistema Nacional de Formación de Personal Docente, Técnico y Administrativo del Sector Educativo titulo a otorgar Profesorado en Educación Inicial". (Aprobado por el Consejo Nacional de Educación, en sus sesión de fecha 18 de diciembre de 1997). mediante la ordenanza 5'97 |
| 260 ## - PUBLICACIÓN, DISTRIBUCIÓN, ETC. | |
| Nombre del editor, distribuidor, etc. | Santo Domingo |
| Fecha de publicación, distribución, etc. | 1998 |
| 590 ## - NOTA LOCAL (RLIN) | |
| Nota local | si |
| 901 ## - ELEMENTOS DE DATOS A LOCAL LDA (RLIN) | |
| a | 29/3/2011 3:04:04 p.m. |
No items available.